000 00279nam a22001217a 4500
008 170921b xxu||||| |||| 00| 0 eng d
041 _aeng
080 _a7
100 _a45
101 _aART
245 _aTHE TRAVELLERS' BOOK OF COLOUR PHOTOGRAPHY
_cTHOMAS, O
942 _2udc
_cBK
999 _c28648
_d28648